000 00226 a2200097 4500
001 48334
100 _aFazal-i-Haq
245 _aPakistan penal code
260 _aLahore
_bAll Pakistan legal decision
_c
090 _c31279
_d31279
942 _aNUST-CAE
_cM
_c23646
999 _c283407
_d283407